Quantum Communication Networks /

Gespeichert in:
Bibliographische Detailangaben
Hauptverfasser: Bassoli, Riccardo (Verfasst von), Boche, Holger (Verfasst von), Deppe, Christian (Verfasst von), Ferrara, Roberto (Verfasst von), Fitzek, Frank H. P. (Verfasst von), Janssen, Gisbert (Verfasst von), Saeedinaeeni, Sajad (Verfasst von)
Format: Buch
Sprache:Englisch
Veröffentlicht: Cham : Springer, 2021
Tags: Tag hinzufügen
Keine Tags, Fügen Sie das erste Tag hinzu!

MARC

LEADER 00000nam a22000003a 4500
001 0093723
003 SK-STU
005 20220131104922.5
007 ta
008 220131s ----xo-----e------000-0-----d
020 |a 978-3-030-62937-3 
040 |a STU  |b slo 
041 0 |a eng 
044 |a sz 
100 1 |a Bassoli, Riccardo  |4 aut  |r Z6 
245 1 0 |a Quantum Communication Networks /  |c aut. Riccardo Bassoli, Holger Boche, Christian Deppe, Roberto Ferrara, Frank H. P Fitzek, Gisbert Janssen, Sajad Saeedinaeeni 
260 |a Cham :  |b Springer,  |c 2021 
300 |a 229 s. 
700 1 |a Boche, Holger  |r Z6  |4 aut 
700 1 |a Deppe, Christian  |r Z6  |4 aut 
700 1 |a Ferrara, Roberto  |r Z6  |4 aut 
700 1 |a Fitzek, Frank H. P.  |r Z6  |4 aut 
700 1 |a Janssen, Gisbert  |r Z6  |4 aut 
700 1 |a Saeedinaeeni, Sajad  |r Z6  |4 aut 
996 |b 284EK90292  |c E* 90292  |l EE39  |s P  |a 0  |w 0093723_0001